| 000 | 01638 a2200253 4500 | ||
|---|---|---|---|
| 001 | 2162214035926813 | ||
| 003 | UA-OsUOA | ||
| 005 | 20260513150653.0 | ||
| 008 | 260513b un a|||| |||| 00| p ukr d | ||
| 020 | _a9668118626 | ||
| 040 |
_aUA-OsUOA _bukr _cUA-OsUOA _dUA-OsUOA |
||
| 041 | _aukr | ||
| 080 | _a821.161.2 | ||
| 090 |
_a821.161.2 _bЛ84 |
||
| 100 |
_aЛук'яненко Г. _925228 |
||
| 245 |
_aЦілунок ночі _bпоезії |
||
| 260 |
_bЮніверс _c2008 _aКиїв |
||
| 300 | _a176 с. | ||
| 520 | _aІм'я Ганни Лук'яненко з'явилося на овиді молодої української поезії нещодавно, разом з виходом першої збірки - "Повноліття". Стиль її письма зітканий із напівреальних життєвих вражень, із гри уяви і химерних, фантасмагоричних видив. Цей же поетичний щоденник, точніше нічник, теж бачиться як "гонитва за привидом", як візії чогось надреального, фрагменти сноведінь, часом болючих та рідше щасливих. У збірці віршів - "Цілунок ночі" авторка продовжує розвивати свої сюрреалістичні мотиви. | ||
| 650 |
_a82 Література. Літературознавство _915 |
||
| 942 |
_cBK _2udc |
||
| 955 | _a3 | ||
| 999 |
_c580697 _d580697 |
||